| 000 | 00931nam a2200349Ia 4500 | ||
|---|---|---|---|
| 001 | 10978 | ||
| 005 | 20240113235249.0 | ||
| 007 | ta | ||
| 008 | 050808s1987 a g b000 u eng u | ||
| 040 | _aCotton College,Assam | ||
| 041 | _aeng | ||
| 082 |
_a342 _bB 469 W |
||
| 100 | _aBhagwan, Vishnoo . | ||
| 245 | 0 |
_aWorld Constitutions / _cVishnoo Bhagwan, Vidya Bhushan. _hTextual Documents |
|
| 250 | _a3rd ed. / | ||
| 260 |
_aNew Delhi : _bSterling publishers , _c1987. |
||
| 300 |
_axi, 79p. : _bill. ; _c22cm . |
||
| 504 | _aIndex | ||
| 653 | _aPolitical Science-Constitution | ||
| 653 | _aConstitution-World | ||
| 653 | _aWorld Constitution | ||
| 653 | _aMS-Political Science | ||
| 653 | _aG-Economics | ||
| 653 | _aG-Economics | ||
| 653 | _aG-Economics | ||
| 700 | _aBhushan, Vidya . | ||
| 942 |
_2ddc _cBK |
||
| 999 |
_c10965 _d10965 |
||